00355nam a2200145Ia 4500008004100000041000800041082001700049100001800066245003700084250001200121260002000133300000800153365001600161700003200177230718s9999 xx 000 0 und d aeng a660.281bMAH aMahajani V.V. aJoshi's Process Equipment Design a4th ed. c2009bMacmillan a528 cRs.b395.00 aMahajani V.V. & Umarji S.B.